000 00611nam a2200205 a 4500
005 20210223122412.0
008 991125s1976 es 000 0 spa u
020 _a8471021250
035 _aUPN01000034833
049 _aCE
050 4 _aND615
_bL4
245 0 0 _aLeonardo /
_ced. Enzo Orlandi ; consultora científica Mia Cinotti.
260 _aBarcelona, Esp. :
_bMarín,
_c1976.
300 _a127 p. :
_bprincipalmente il.
440 0 _aGrandes maestros del arte
600 0 4 _aLEONARDO,
_cDA VINCI,
_d1452-1519
650 4 _aPINTORES -
_vBIOGRAFIA
_914775
700 1 _aOrlandi, Enzo,
_eed.
905 _aLibro
999 _c34833
_d34833